000
00297nam a22001337a 4500
020
_a
81-8249-000-6
082
_a
920
_b
ALP/O
245
_a
OUTSTANDING INDIANS
250
_a
2005
260
_a
CHENNAI
_b
ALPHA LAND BOOKS
300
_a
164
650
_a
ABOUT GREAT INDIANS
_z
CHENNAI
942
_c
BK
999
_c
6549
_d
6549